书目信息 |
| 题名: |
中国保健补酒
|
|
| 作者: | 卢祥之 编著 | |
| 分册: | ||
| 出版信息: | 北京 科学技术文献出版社 2000.03 |
|
| 页数: | 348页 | |
| 开本: | 32开 | |
| 丛书名: | ||
| 单 册: | ||
| 中图分类: | R247.1 | |
| 科图分类: | ||
| 主题词: | 中医学:临床医学 | |
| 电子资源: | ||
| ISBN: | 7-5023-2308-2 | |
| 000 | 00561nam0 2200193 45 | |
| 001 | 0011180079 | |
| 005 | 20001118001729.6 | |
| 010 | @a7-5023-2308-2@d17.50元 | |
| 100 | @a20001118d2000 km y0chiy0120 ea | |
| 101 | 0 | @achi |
| 105 | @a z 000yy | |
| 200 | 1 | @a中国保健补酒@AZhong Guo Bao Jian Bu Jiu@f卢祥之编著@FLu Xiang Zhi Bian Zhu |
| 210 | @a北京@c科学技术文献出版社@d2000.03 | |
| 215 | @a348页@d32开 | |
| 606 | 0 | @a中医学:临床医学 |
| 690 | @aR247.1@v3 | |
| 701 | 0 | @a卢祥之@4编著 |
| 801 | @aCN@bPftUser@c20001118 | |
| 905 | @b416092-093@dR247.1@eL905/1@f2 | |
| 中国保健补酒/卢祥之编著.-北京:科学技术文献出版社,2000.03 |
| 348页;32开 |
| ISBN 7-5023-2308-2:17.50元 |
| ● |
| 相关链接 |
|
|
|
正题名:中国保健补酒
索取号:R247.1/L905/1
 
预约/预借
| 序号 | 登录号 | 条形码 | 馆藏地/架位号 | 状态 | 备注 |
| 1 | 416092 | 204160923 | 自科库401/ [索取号:R247.1/L905/1] | 在馆 | |
| 2 | 416093 | 204160932 | 自科库401/ [索取号:R247.1/L905/1] | 在馆 |